| 000 | 01201nam a2200205 i 4500 | ||
|---|---|---|---|
| 001 | 153232 | ||
| 003 | ES-MaACL | ||
| 005 | 20231222185938.0 | ||
| 008 | 051013s1881 sp |||| | fre d | ||
| 245 | 0 | 0 | _aRapport de la section espagnole de la sous-commision lusitano-hispanica pour le coloris des cartes géologiques. |
| 260 |
_aMadrid : _b[s.n.], _c1881 ( _fImp. de Gregoire Juste) |
||
| 300 |
_a16 p. ; _c22 cm. |
||
| 505 | 8 |
_aContiene: 1ère partie ; _tRoches sedimentaires ou estratifiées au soins / _rFederico de Botella y de Hornos - 2e partie. -- _tRoches massives ou non estratifiées au soins / _rJ. Mac-Pherson |
|
| 650 | 0 | 4 |
_aGeología- _zEspaña- _vMapas. _913090 |
| 700 | 1 |
_aMac-Pherson, J. ( _d1839-1902) _975045 |
|
| 700 | 1 |
_aBotella y de Hornos, Federico de, _d1822-1899 _930760 |
|
| 852 |
_aES-MaACL _jB-7464(5) _z- Enc.- hol. con puntas, conservando la enc. original _z.- Legado de Federico de Botella y de Hornos |
||
| 852 |
_aES-MaACL _jT-1104-F-6 _z- Enc. hol., conservando la enc. rúst. _z. - Legado de Federico de Botella y de Hornos _z- Enc. en un vol. facticio _zEnc. con una h. de lám. pleg.: "Indication des couleurs et signes conventionels" |
||
| 999 |
_c153232 _d153232 |
||